000 00968nac a22002171u 4500
008 090624t xxu||||| |||| 00| 0 eng d
010 _a91123588
020 _a0434918261
020 _a0750636238
082 0 0 _a621.89
_bSTO
100 _aStolarski, T. A.
_96862
245 1 0 _aTribology in Machine Design /
_cT.A. Stolarski.
260 _aOxford :
_bHeinemann Newnes,
_cc1990.
300 _axii, 298 p. :
_bill. ;
_c26 cm.
504 _aIncludes bibliographical references and index.
650 0 _aMachine design.
_96863
650 0 _aTribology.
_96864
942 _cBB
_k621.89 STO
_2ddc
999 _c6351
_d6351